| 000 | 01722nam a2200325 c 4500 | ||
|---|---|---|---|
| 003 | BLK | ||
| 005 | 20241127105335.0 | ||
| 008 | 180409b bul|||||r ||||||| ||bul|| | ||
| 010 | _aKNG00123185000 | ||
| 040 | _aBLK | ||
| 041 |
_aBUL _cBUL |
||
| 080 |
_aЕврейска литература на иврит. Вж и 830-088 _b821.411.16 _x-32 _z821.411.16-32 |
||
| 100 | 1 |
_aШалом Алейхем _eпърви автор _gРабинович, Шалом Нахумович _9315326 |
|
| 700 | 1 |
_aШолом Алейхем _e* _9143889 |
|
| 700 | 1 |
_aДимитров, Анатолий _eпрев. от рус. _9315327 |
|
| 700 | 1 |
_aБранц, София _eсъстав. _9376045 |
|
| 139 |
_aШалом Алейхем _bШ 20 |
||
| 245 | 1 | 0 |
_aАко бях Ротшилд _bПовести и разкази _cШалом Алейхем; * Шолом Алейхем; прев. от рус. Анатолий Димитров; състав. София Бранц. |
| 257 | _aJUD | ||
| 260 |
_аСофия _bНар. култура _c1989 _fВ. Търново : Д. Найденов |
||
| 300 |
_a688 с. _c21 см |
||
| 380 | _aX | ||
| 500 | _aПрев. е направен от Собрание сочинений в 6 т. Т. 1, 3, 4, 5 ; Заколдованы портной ; Тевье-молочник / Шалом Алейхем. - Шалом Алейхем - псевд. на Шалом Нахимович Рабинович | ||
| 852 | _aЦб 157046 | ||
| 856 | 4 |
_qpdf _u |
|
| 856 | 4 |
_qpdf _u |
|
| 942 |
_cKNG _n0 _01 |
||
| 944 |
_aCR _c05.05.2011 _lЦветомила Тодорова _k30576 |
||
| 944 |
_aED _c15.08.2016 _lдобави в АБ / 04.05.2011 _kНора_Радева |
||
| 999 |
_c117598 _d117598 |
||